000 00184 a2200097 4500
020 _a9780141371467
041 _aeng
100 _aRoald Dahl
245 _aThe Magic Finger
942 _cBK
999 _c28981
_d28979